000 01153nam2a22002411 4500
001 RU\NLR\INFOCOMM\1000037599
005 20250617155358.0
035 _a(NLR Aleph) 002757518
090 _a2200212
_c2200212
100 _a20040217d1960 |||y0rusy50 ca
101 0 _arus
102 _aRU
105 _ay |||||||||
200 1 _aГорное дело
210 _d1960
_aБ. м.
461 0 _1001RU\NLR\INFOCOMM\1000037588
_12001#$aСборник научных трудов$fМ-во цв. металлургии СССР. Об-ние "Северовостокзолото". ВНИИ золота и ред. металлов. ВНИИ-1$vТ.16
_92200149
_aВНИИ золота и редких металлов (Магадан)
_cМагадан
_d1957-
_fМ-во цв. металлургии СССР. Об-ние "Северовостокзолото". ВНИИ золота и ред. металлов. ВНИИ-1
_nИзд-во ВНИИ-1
_tСборник научных трудов
_vТ.16
801 1 _aRU
_bInfoComm
_c20040217
801 0 _aRU
_bNLR
_gPSBO
852 _aNLR
_jП11/1426
942 _cISSUE
980 _aNB
980 _aRUSPER